000 00737 a2200229 4500
003 UA-OsUOA
005 20260421132445.0
008 260421b un ||||| |||| 00| 0 ukr d
020 _a03061221
040 _aUA-OsUOA
_bpol
_cUA-OsUOA
_dUA-OsUOA
041 _apol
080 _a050
090 _a050
_bK98
100 _aNowakowie A.
_925026
245 _aKwartalnik Kresowy
_cAnna i Stanislaw Nowakowie
260 _bZarząd Główny Związek Ziem Wschodnich R. P.
_c1987
_aLondon
300 _a56 s.
650 _2UDC
_a050 Серіальні видання. Періодика
_93723
942 _cBK
_2udc
955 _a4
999 _c580449
_d580449